Missing Word: Gag & Novelty Gifts Quiz Stats

 Plays Quiz Updated Apr 1, 2018

Score 0/18 Timer 03:00
0 Plays Today
Product Answer % Correct
Whoopee _______Cushion
95.8%
Venus Fly _____Traps
93.8%
Chattering _____Teeth
92.5%
_____ VomitFake
91.2%
X-Ray ________Glasses
89.5%
___ BuzzerJoy
87.3%
Real Locking Police ________Handcuffs
86.4%
Authentic Shrunken ______Heads
84.2%
Imitation ___ PoopDog
81.6%
Product Answer % Correct
Joke Broken ___ CastArm
81%
Fake Vampire ______Blood
76.7%
Black Bar of _____Soap
70.9%
Snake in a _____Can
70.5%
Squirting ________ GumChewing
62.6%
Fake Bullet ______Holes
58.6%
Mustache and Glasses ____Disguise
51.6%
Mini Spy ________Camera
45.4%
___ MonkeysSea
40.1%

Today's Daily Dose

Missing Word
Wicked Songs

Word Ladder
Blue Ivies

Get the Picture
Green on the Flag?

You're not logged in!

Compare scores with friends on all Sporcle quizzes.
OR
Log In

You Might Also Like...

Show Comments

Extras

Top Quizzes Today


Score Distribution

Your Account Isn't Verified!

In order to create a playlist on Sporcle, you need to verify the email address you used during registration. Go to your Sporcle Settings to finish the process.

Report this User

Report this user for behavior that violates our Community Guidelines.

Details: